Alle Spieler mit Rückennummer 1 der Bundesliga 2024/25 - Statistiken

Allgemein
  • Dieses Quiz wurde 104 mal gespielt
  • Das Durchschnittsergebnis liegt bei 11 aus 18
Antwortstatistiken
Verein Nation Spieler % Korrekt
FC Bayern München Deutschland Manuel Neuer
99%
Borussia Dortmund Schweiz Gregor Kobel
95%
Eintracht Frankfurt Deutschland Kevin Trapp
93%
Bayer 04 Leverkusen Finnland Lukas Hradecky
93%
TSG Hoffenheim Deutschland Oliver Baumann
92%
RB Leipzig Ungarn Peter Gulacsi
86%
1. FC Heidenheim Deutschland Kevin Müller
80%
SC Freiburg Deutschland Noah Atubolu
68%
Borussia Mönchengladbach Schweiz Jonas Omlin
67%
1. FC Union Berlin Dänemark Frederik Rönnow
66%
SV Werder Bremen Deutschland Michael Zetterer
65%
FC Augsburg Deutschland Finn Dahmen
62%
VfL Wolfsburg Polen Kamil Grabara
53%
VfB Stuttgart Deutschland Fabian Bredlow
50%
VfL Bochum Deutschland Timo Horn
29%
Holstein Kiel Deutschland Timon Weiner
29%
1. FSV Mainz 05 Deutschland Lasse Rieß
11%
FC St. Pauli Deutschland Ben Voll
8%
Keine übereinstimmenden Quizze gefunden
Verteilung der Resultate
Anzahl Personen mit jedem Resultat
Perzentil nach korrekt beantworteten Fragen
Ihre Resultats-Entwicklung
Sie haben dieses Quiz noch nicht gespielt